[Event "FRA-ch"]
[Site "Aix les Bains"]
[Date "2003.08.18"]
[Round "1"]
[White "Bauer, Christian"]
[Black "Fontaine, Robert"]
[Result "1-0"]
[WhiteElo "2589"]
[BlackElo "2541"]
[Annotator "Lukacs,P"]
[PlyCount "55"]
[EventDate "2003.08.18"]
[EventType "tourn"]
[EventRounds "11"]
[EventCountry "FRA"]
[EventCategory "13"]
[SourceTitle "CBM 097"]
[Source "ChessBase"]
[SourceDate "2003.11.11"]
[SourceVersion "1"]
[SourceVersionDate "2003.11.11"]
[SourceQuality "1"]

1. c4 c6 2. e4 d5 3. exd5 cxd5 4. cxd5 Nf6 5. Nc3 Nxd5 6. Nf3 e6 7. Bc4 Be7 8.
O-O O-O 9. d4 {By this move order White has avoided the Panov/Nimzo lines with
Bb4.} Nxc3 (9... Nc6 {transposes to D41 Tarrasch.}) 10. bxc3 {Now the weakness
of the isolani d4 is transformed to the weakness of c3 and the hanging pawns.}
Nd7 (10... Qc7 11. Qd3 (11. Qe2 Nd7 (11... Nc6 {The N is not so flexible here
as on d7, it disturbs the harmony of the black pieces.} 12. Bb2 Bf6 13. Bd3 g6
14. Rac1 Rd8 15. Rfd1 h6 {(Chernyshov-Bogumil, Tenkes Kupa Harkany 1994)} 16.
Be4 $14) 12. Re1 (12. Bb2 b6 13. Bd3 Bb7 14. c4 Rfe8 15. Qe3 {(1/2:1/2
Chernyshov-Lalic, Djakovo op 1994)} (15. Rfe1 $5) 15... Bxf3 16. Qxf3 Bf6 {
Black has to put pressure on >< d4 and c4, White has to find a breakthrough
opening up the position for his ^^.} 17. Rfe1 Rad8 18. Rad1 Nc5 19. Bc2 Nb7 20.
Ba4 (20. Qe4 $5 g6 21. Qf3 Kg7 (21... Bg7 22. Ba4 Re7 23. Ba3 $14)) 20... Rf8
21. Ba3 Be7 22. Bxe7 Qxe7 {If White has to give up the ^^, his position cannot
be better.} 23. Bb5 Qc7 24. Ba6 Rd7 25. Bxb7 Qxb7 26. d5 Rfd8 $11 {
Alterman-Khlian, Rostov op 1993}) 12... b6 13. Bd3 Bb7 14. Bd2 Bd6 15. h3 Bf4 {
The exchange of the dark-squared B makes Black's task easier.} 16. Ne5 Nxe5 17.
Bxf4 Qc6 18. Be4 Qxe4 19. Qxe4 Bxe4 20. dxe5 Bc2 21. a4 Rac8 $11 {A.
Minasian-Goloshchapov, Batumi 2002}) (11. Bd3 $5 {is a typical positional P
sacrifice.}) 11... Nd7 12. Re1 (12. Bb3 b6 $142 (12... Qa5 $6 {The Q is
usually badly placed here.} 13. Re1 Rd8 14. Qe3 Nf6 15. Bd2 Bd7 16. Ne5 Be8 17.
Qh3 Qa3 18. f4 {/\ f5 opening up the f <-> and the a2-g8 /^.} Nd5 19. f5 exf5
20. Qxf5 $16 {Lerner-Kudischewitsch, Tel Aviv 2002})) 12... b6 13. Bb3 Bb7 {
This is Black's standard setup.} 14. Bg5 $5 (14. Bd2 Rfe8 15. Ng5 Nf8 16. Qh3
Bxg5 17. Bxg5 b5 {/\ Bd5 blockading the light squares and the backward P on c3
remains a target.} 18. Re3 Bd5 $13 {Yu Shaoteng-Groszpeter,A/Gyula 2000}) 14...
Bd6 15. Re3 Bf4 16. Bxf4 Qxf4 17. Rae1 Rfd8 18. Qe2 Rac8 19. h3 Qf6 20. Qb5 a6
21. Qb4 a5 22. Qd6 Rc6 23. Qg3 $14 {A.Sokolov-Patuzzo, SUI-chT 2002}) 11. Bd3
b6 (11... Qc7 12. Qe2 (12. Qc2 h6 (12... Nf6 13. Ne5 h6 14. Bf4 Bd6 15. Rae1 b6
16. Bxh6 gxh6 17. Qd2 Nh7 18. Qxh6 {1-0 Shamkovich,L-Gudmundsson,E/Reykjavik
op 1982/MCD-op (32)}) 13. c4 (13. Qe2 $5 {deserves attention fighting against
b6.}) 13... b6 14. Qe2 Bb7 15. Bb2 Bf6 16. Rad1 Qf4 $132 {
Mchedlishvili-Erdogdu, Saraybahce GP 2002}) 12... Re8 (12... Qxc3 {is usually
risky, although cannot be refuted immediately.} 13. Bf4 Nf6 14. Rab1 $44 (14.
Rac1 $44)) 13. c4 g6 14. c5 {White deliberately weakens >< d5, but he wants to
gain space and control over the dark squares.} (14. Bb2 $5 b6) 14... Nf6 15.
Ne5 Bd7 16. Bf4 Qc8 17. Rab1 Nd5 18. Bg3 Rf8 19. Rfc1 Bf6 20. Nc4 Bxd4 21. Nd6
Qd8 22. Nxb7 Qf6 23. c6 Bc8 24. Rb3 e5 25. Be4 Be6 $13 {Anand-Adams, FIDE-Wch
k.o. 1997}) 12. Be4 Ba6 $1 (12... Rb8 13. Bf4 $16) 13. Re1 (13. Bxa8 Bxf1 14.
Bc6 Ba6 15. Qa4 Nb8 16. Be4 Qc7 $11) 13... Rc8 14. Qa4 Bc4 $6 {This is based
on a miscalculation.} (14... Nb8 {doesn't look very nice, but playable.} 15.
Qc2 (15. Re3 Bd6) 15... h6 (15... g6 16. Bh6 $16) 16. Bf4 Bd6 17. Ne5 Qc7 18.
Re3 Nd7 $13) 15. Bf4 $1 (15. Qxa7 $2 {founders on the pin after} f5 $1 16. Bb7
Rc7 17. Bf4 Bd5 $17) 15... b5 (15... a6 16. Bb7 $16) 16. Qxa7 {Black has
sacrificed the P for a succesful blockade, but his hopes capturing the Q are
in vain.} f5 (16... Nf6 $5 17. Bb7 Nd5 $1 (17... Rc7 18. Qb6) 18. Bxc8 Nxf4 19.
a4 $1 (19. Ba6 Bd6 20. a4 (20. Qb7 Bd5 21. Qxb5 Bxf3 22. gxf3 Qh4 $1 $17) 20...
Bd5 $44) (19. Ne5 Bd5 20. g3 Nh3+ 21. Kf1 Qxc8 22. Qxe7 Qxc3 $44) (19. Bb7 Qc7
$1 $44) 19... Bd6 (19... Bd5 20. Re3 (20. axb5 $2 Bxf3 21. gxf3 Bd6 $1) 20...
bxa4 (20... Qd6 21. Qd7 $1 bxa4 22. Qxd6 Bxd6 23. Ba6 $16) 21. Rxa4 Bd6 22. Bb7
$1 $16 (22. Qd7 Qb6)) 20. Bb7 $1 (20. Ba6 {- 19...Ba6}) 20... Ne2+ (20... Qc7
21. axb5) 21. Kh1 Nxc3 22. axb5 $16) 17. Bb7 Rc7 18. Rab1 $18 {and Black
cannot get back the material.} Bd5 19. Bxc7 Qxc7 20. Rxb5 (20. Bxd5 $5 Qxa7 21.
Rxe6 Kh8 22. Rxe7 $16) 20... Bxf3 21. Qa6 (21. gxf3 Qxc3 22. Rbb1 $18) 21...
Bh5 22. Qxe6+ Rf7 23. Bd5 Nf6 24. Qxe7 Nxd5 25. Qe8+ Rf8 26. Qxh5 Qxc3 27. Qd1
Qb2 28. Rxb2 1-0

[Event "EU-Cup 21st"]
[Site "Saint Vincent"]
[Date "2005.09.18"]
[Round "1.3"]
[White "Lautier, Joel"]
[Black "Bruno, Fabio"]
[Result "1-0"]
[WhiteElo "2672"]
[BlackElo "2425"]
[Annotator "Lukacs,P"]
[PlyCount "59"]
[EventDate "2005.09.18"]
[EventType "team-swiss"]
[EventRounds "7"]
[EventCountry "ITA"]
[SourceTitle "CBM 110"]
[Source "ChessBase"]
[SourceDate "2006.01.31"]
[SourceVersion "1"]
[SourceVersionDate "2006.01.31"]
[SourceQuality "1"]
[WhiteTeam "Paris NAO"]
[BlackTeam "Penne"]
[WhiteTeamCountry "FRA"]
[BlackTeamCountry "ITA"]

1. c4 c6 2. e4 d5 3. cxd5 cxd5 4. exd5 Nf6 5. Nc3 Nxd5 6. Nf3 e6 (6... Nxc3 7.
bxc3 g6 {may lead to Grunfeld type of positions.}) 7. Bc4 {White is waiting
with d4 in order to avoid the Nimzoindian stuff after Bb4.} Nxc3 (7... Be7 {
is the main line.}) 8. bxc3 Qc7 (8... Bd6 9. d4 (9. O-O O-O) 9... Nd7 10. O-O
O-O 11. Bd3 $14 (11. Qe2 Qc7 {Black wants to finish the development and attack
the [+] by e5.} 12. Bd3 $5 b6 (12... Qxc3 13. Bg5 $44) 13. Bb2 (13. c4 Bb7)
13... Bb7 14. h3 e5 $132 {Nisipeanu-Bologan, Mallorca 2004})) 9. Qe2 Nc6 {
The plan Nd7, b6, Bb7 with a B on e7 or d6 looks more flexible.} (9... Be7 10.
O-O O-O 11. d4 Nd7 12. Bd2 (12. Rd1 g6 13. d5 {If the breakthrough is not
successful, White has given up his [+] for nothing.} Nc5 14. Rd4 Bd6 15. Ng5 {
1/2-1/2 Korneev-Izoria, Manresa 2004}) 12... b6 13. Bd3 Bb7 14. Rfe1 $5 (14.
Rac1 Rfe8 15. Rfe1 Ba3 16. Rc2 Bc6 17. c4 Bd6 $13 {Serper-Kuijf, Amsterdam 1990
})) 10. O-O Be7 (10... Bd6 11. d4 O-O 12. Re1 Ne7 13. Bd2 (13. h4 {looks a bit
sophysticated.} Nd5 14. Bd2 b6 15. Bd3 Bb7 16. c4 Nf4 17. Bxf4 Bxf4 18. Be4
Bxe4 19. Qxe4 Rac8 $13 {Morozevich-Volkov, Moscow 1993}) 13... b6 14. Bd3 Bb7
15. Ne5 $14) 11. d4 O-O 12. Bd3 {In comparision to the Nimzoindian Black has
got the ^^!} Bd7 {The B belongs to the long /^.} (12... Qa5 $6 13. Bd2 Qh5 {
is not an impressive Q manoeuvre.} 14. Rab1 a6 {against Rb5} 15. Rfe1 Bd6 16.
h3 f6 17. c4 $16 {and White's hanging pawns are really strong, Prushikin-Zo.
Varga, Miskolc 2004.}) 13. Re1 $16 {White has to fight against e5.} h6 (13...
Bf6 14. Ng5 $18) 14. Bb2 {/\ c4 building up an ideal hanging pawns position.}
Rfe8 (14... Bf6 15. Qe4 g6 16. Bc1 {>< h6} Bg7 17. Qh4 Qd8 18. Qg3 $14) 15. c4
Bf8 $6 {The B is passive here.} (15... Bf6 {neutralizing the pressure on the
long /^ and attacking >< d4.} 16. Qe4 g6 $14) 16. Rac1 Rad8 17. Bb1 Qf4 $2 (
17... g6 18. Qd2 Qa5 (18... Bg7 19. d5 $16) 19. Bc3 $16) 18. Qc2 f5 {Now
Black's P structure is irreversibily weakened.} (18... g6 {is strongly met by
the typical breakthrough in the [+] by} 19. d5 $1) 19. a3 {/\ Ba2 in case} Rc8
20. Qd3 e5 (20... Rcd8 21. Ba2 $16) 21. dxe5 Be6 {Black sacrifices a P in
order to blockade the [+] on e6.} 22. c5 Red8 $2 (22... Rcd8 $142 23. Qb5 Bd5
24. Rcd1 Bxf3 25. Qb3+ Kh8 26. Qxf3 Qxf3 27. gxf3 Nxe5 28. Kg2 Rxd1 29. Rxd1
$16 {The white ^^ is annoying, but the P structure is far from ideal.}) 23. Qb5
$1 Rd7 24. Rcd1 Rcd8 25. Rd6 $1 $18 {This is the point! The typical positional
exchange sacrifice decides the battle.} Bxd6 26. exd6 {opening up the long /^.
The strong o^ on d6 paralyzes Black.} Bf7 (26... Bd5 27. Ne5 $1 Nxe5 28. Rxe5
Qd2 29. h3 g6 30. Qb4 $18) 27. Bc1 a6 28. Qd3 Qg4 29. h3 Qh5 30. Qxf5 1-0

[Event "EU-ch 12th"]
[Site "Aix les Bains"]
[Date "2011.03.31"]
[Round "9"]
[White "Pashikian, Arman"]
[Black "Mastrovasilis, Athanasios"]
[Result "1-0"]
[WhiteElo "2642"]
[BlackElo "2547"]
[Annotator "Marchand,A/Primel,D"]
[PlyCount "73"]
[EventDate "2011.03.22"]
[EventType "swiss"]
[EventRounds "11"]
[EventCountry "FRA"]
[SourceTitle "CBM 142 Extra"]
[Source "ChessBase"]
[SourceDate "2011.06.27"]
[SourceVersion "1"]
[SourceVersionDate "2011.06.27"]
[SourceQuality "1"]
[TimeControl "40/5400+30:1800+30"]

1. d4 Nf6 2. c4 e6 3. Nc3 d5 4. cxd5 Nxd5 5. e4 (5. e3 {L'alternative dans
cette semi Tarrasch} c5 6. Nf3 Nc6 7. Bd3 cxd4 8. exd4 Be7 9. O-O O-O 10. Re1)
5... Nxc3 6. bxc3 c5 7. Nf3 cxd4 (7... Be7 $6 8. Bd3 O-O 9. O-O b6 10. Qe2 Nc6
$6 (10... Bb7) 11. Be3 $14 {Alekhine,A-Del Ponte,G Buenos Aires exh Club
Espagnol 1926 0-1} (11. d5 $1)) 8. cxd4 {Bizarrement les Blancs ont réfléchi
10 mns sur ce coup pourtant forcé} Bb4+ 9. Bd2 Bxd2+ 10. Qxd2 {80} O-O {88} 11.
Bc4 {Un bel exemple de position déséquilibrée avec d'une coté le "Dynamisme"
des Blancs et l'autre, l'avantage "statique" des Noirs.} b6 $5 {Les Noirs
veulent développer le B avant le N de manière а ne pas perdre un tempo sur
l'attaque d4d5} (11... Nc6 {La grande ligne} 12. O-O b6 13. Rad1 Bb7 14. Rfe1
Rc8 15. d5 Na5 16. Bd3 exd5 17. e5 $40 {[%cal Gd3h7,Gf3g5,Gd2f4]}) (11... Nd7)
12. O-O Bb7 13. Rfe1 (13. d5 {Thématique mais un peu prématuré sans avoir
développé les R} exd5 14. Bxd5 Bxd5 15. exd5 {[%csl Gc6]} Nd7 16. Rfe1 {
Hort,V (2605)-Timman,J (2445) Hoogovens Wijk aan Zee 1972 (14) 1/2} (16. d6 $5)
) 13... Nd7 14. a4 {[%cal Ga4a5] 68 Une ligne tranquille pour affaiblir la
majorité des Noirs} (14. Re3 $5 {[%csl Rg7,Rh7][%cal Ge3h3]} Rc8 {Lobron,E 
(2620)-Hansen,C (2610) Hoogovens Wijk aan Zee 1993 (2) 1-0}) (14. Rad1 $142 {
[%cal Gd4d5] La grande ligne} Rc8 15. Bd3 {[%cal Gd3h7]} (15. Bb3 {[%cal Gd4d5]
} Qf6 $1 $132 {Illescas Cordoba,M (2585)-Ivanchuk,V (2709) Bled ol (Men) 2002 
(4.2) 1/2})) 14... Rc8 {88 Le Grec est bien préparé et il joue vite
l'ouverture.} 15. Bd3 {62} e5 $1 {84 Les Noirs concèdent а un P passé aux
Blancs mais ils obiennent la case "c5" et l'attaque Blanche а l'aile-roi est
freinée} (15... Qc7 16. a5 $14 {Gyimesi,Z (2618)-Safyanovsky,M (2359)
Balatonlelle op 2004 (3) 1/2}) 16. d5 Nc5 {[%csl Gc5] 85} 17. Bc4 {59
L'arménien est le premier а dévier des parties précédentes de l'adversaire
mais le Grec avait aussi anticipé} ({RR} 17. Ra3 Qd6 18. Qb2 f5 19. Nxe5 ({RR} 
19. exf5 Nxd3 20. Rxd3 Rxf5) 19... fxe4 20. Bb1 Rce8 21. Nc4 Qxd5 22. Nxb6 ({RR
} 22. Rg3 Qd7 23. Ne5 Qe6 24. Rxg7+ Kxg7 25. Nd7+ Rf6 26. Nxc5 bxc5 27. Qxb7+
Re7) 22... Qg5 23. Rg3 Qe7 24. Nc4) ({RR} 17. Bc2 f5 18. exf5 ({RR} 18. Rad1
fxe4 19. Bxe4 Nxe4 20. Rxe4 Rf5 21. Rxe5 Rxe5 22. Nxe5 Qxd5 23. Qxd5+ Bxd5 24.
f4 Bb3 25. Rd4 h5 26. Rb4 Bd5 27. g4 hxg4 28. a5 bxa5 29. Rb5 Be6 30. Rxa5 Rc7
31. Ra6 Bc8 32. Ra3 a6 {Antic,D (2523)-Mastrovasilis,A (2503)/Kalamaria 2009/1/
2-1/2 (49)}) 18... e4 19. Nd4 Qxd5 20. Qe3 Kh8 21. Red1 Nd3 22. Bb3 Qc5 23.
Rab1 h6 24. g4 Rfd8 25. Ne6 Qxe3 26. fxe3 Rd6 27. Nd4 a6 28. h3 Rc3 29. Ne2 Rc5
30. Nf4 Kh7 31. Rd2 Rc3 {Maiorov,N (2535)-Mastrovasilis,D (2604)/Kavala 2011/1/
2-1/2 (58)}) 17... Qd6 $5 $146 {84 La préparation des Noirs, certes selon
l'adage, la Q n'est pas une trés bonne bloqueuse mais la position Noire est
solide.} ({RR} 17... f6 18. Nh4 Qd7 19. Qe2 ({RR} 19. Nf5 Nxe4) 19... g6 ({RR} 
19... Nxa4 20. Bb5) 20. a5 Qd6 21. h3 Rb8 22. Nf3 Kg7 23. Nd2 f5 ({RR} 23...
Rfd8) 24. axb6 axb6 25. Ra7 fxe4 ({RR} 25... Rf7 26. exf5 Rxf5 ({RR} 26... gxf5
27. Qxe5+) 27. Ba2 ({RR} 27. g4 Rf4 28. Qxe5+ Qxe5 29. Rxe5 Rd4 30. Nb3 Rxc4
31. Nxc5 Rxc5 32. Re7+ Kg8 33. Raxb7 Rxb7 34. Rxb7 Rxd5 35. Rxb6) 27... Rbf8
28. f3 ({RR} 28. Ne4 Qb8 29. Nxc5 bxc5 30. Qa6 R5f7 31. Qa5 Bxd5 32. Rxf7+ Bxf7
33. Bxf7 Rxf7 34. Qxc5 Qc7)) 26. Nxe4 Nxe4 27. Qxe4 Rf4 ({RR} 27... Kg8 28.
Qxe5) 28. Qe2 ({RR} 28. Qxe5+ Qxe5 29. Rxe5 Rxc4 30. Re7+ Kg8 ({RR} 30... Kf6
31. Raxb7 Rxb7 32. Rxb7 Ke5 33. Rxb6 Kxd5 34. Rb7) 31. Raxb7 Rxb7 32. Rxb7 Rd4
33. Rd7 ({RR} 33. Rxb6 Rxd5) 33... b5 34. Kf1 b4 35. Ke2 b3 36. Rb7 Rxd5 37.
Rxb3) 28... Kh8 ({RR} 28... Kg8 29. Ba2) 29. Bb3 Rb4 30. Qb2 Kg8 ({RR} 30...
Rd4 31. Ra4 Rxa4 32. Rxe5) 31. Qa3 {1-0 Gulko,B (2643)-Lima,D (2525)/Istanbul
2000/[Tsesarsky] (31)} {RR} Qc5 32. Rxe5) 18. Qb2 {[%csl Re5] 48} f5 $5 {
68 Fin de la préparation des Noirs} 19. exf5 {40} (19. Qxe5 Nxe4 20. Rxe4 Qxe5
21. Rxe5 Rxc4 $132 {Zude,A (2461)-Fridman,D (2670) Bayern-chI Bank Hofmann
16th 2012 (4) 1/2}) 19... e4 {63} 20. Qe5 {24 Une décision étonnante des
Blancs car normalement, l'échange des Q doit affaiblir le potentiel d'attaque
des Blancs et la poussée a4 est notamment maintenant peu utile mais les Blancs
ont réfléchi longtemps sur cette position critique.} (20. Ng5 $5 {[%cal Gg5e6,
Gg5e4]} Rxf5 (20... Rce8 $2 21. Ne6) (20... e3 $1 21. Rxe3) 21. Nxe4 Nxe4 22.
Rxe4 Bxd5 23. Rd1 {[%cal Gd1d6]} Qc5 {[%csl Rf2]} 24. Bxd5+ (24. g4 {[%csl Rg1]
} Bxc4 $1 25. gxf5 $13 {[%csl Rg1]})) 20... Rcd8 {56} (20... Qxe5 $142 {
Plus simple} 21. Nxe5 Rxf5 $11) 21. Qxd6 Rxd6 22. Ng5 $1 Bxd5 (22... Rxf5 23.
Nxe4 Nxe4 24. Rxe4 Kf8 (24... Bxd5 25. Rd1) 25. Rae1) 23. Rad1 $36 {[%csl Rd6]}
Nd3 $5 {37 Cette pirrouette tactique ne suffira pas} 24. Nxe4 $1 {[%cal Gc4g8]}
Bxc4 25. Nxd6 Nxe1 26. Nxc4 Nc2 27. g4 h5 28. h3 hxg4 29. hxg4 Re8 30. Kf1 Kh7
$2 {[%csl Rh7] 25 Les Noirs avaient pourtant beaucoup de temps mais après Kh7,
la position sera difficile а sauver.} (30... Re4 $142 {[%cal Ge4g4,Ge4c4]} 31.
Rd8+ Kh7 (31... Kf7 32. Nd6+) 32. Nd6 Rxg4 33. Nf7 {[%cal Gd8h8]} g5 $8 34. f6
Rxa4 (34... Rf4 35. Nxg5+) 35. Ne5 $36 {[%csl Gf6,Rh7]}) 31. Rd2 Re1+ 32. Kg2
Rc1 33. Ne5 {08} Ne1+ 34. Kg3 Rc5 35. f4 Rc2 36. Rd7 Rg2+ 37. Kh3 1-0